各省答对率最高/低的县级行政区 华东部分 Most famous/unknown counties in East China - Statistics

General Stats
  • This quiz has been taken 45 times
    44 since last reset
  • The average score is 9 of 22
Answer Stats
省区 % Correct
江苏 昆山市
80%
江苏 张家港市
68%
江苏 江阴市
63%
上海 普陀区|长宁区
63%
浙江 西湖区
61%
浙江 义乌市
61%
山东 历下区
49%
浙江 萧山区
44%
江苏 涟水县|清江浦区|亭湖区|金湖县|海陵区|建湖县|高港区|阜宁县|睢宁县|泉山区
41%
安徽 肥东县
39%
安徽 肥西县
37%
山东 黄岛区
37%
浙江 武义县|龙湾区|文成县|浦江县|松阳县|遂昌县|泰顺县|庆元县|云和县
29%
江西 井冈山市
29%
山东 莱芜区
27%
山东 蓬莱区
27%
安徽 巢湖市
24%
江西 瑞金市
24%
山东 阳信县|平邑县|博兴县|高唐县|安丘市|庆云县|山亭区|成武县|宁阳县|临沭县|武城县|夏津县|临邑县|宁津县
22%
江西 南昌县
20%
安徽 埇桥区|杜集区|迎江区|宜秀区|义安区|大通区|淮上区|禹会区|潘集区|相山区
12%
江西 靖安县|宜丰县|余江区|珠山区|安远县|安福县|永新县|崇仁县|乐安县|黎川县
5%
No matching quizzes found
Score Distribution
Percent of People with Each Score
Percentile by Number Answered
Your Score History
You have not taken this quiz since the last reset